000 00211nam a22000857a 4500
008 161201b xxu||||| |||| 00| 0 eng d
100 _91705
_aShankar.A
245 _aSonalis friends
260 _aNew Delhi
_bN.D CBT
_c2007
999 _c4418
_d4418